[Event "Medellin de La Raza U2000 op"]
[Site "Medellin"]
[Date "2023.10.14"]
[Round "5"]
[White "Luna Velandia, Karol Daniela"]
[Black "Velez Manco, Carlos Gustavo"]
[Result "0-1"]
[WhiteElo "1532"]
[BlackElo "1646"]
[PlyCount "70"]
[EventDate "2023.10.12"]
[EventType "swiss"]
[EventRounds "9"]
[EventCountry "COL"]
[SourceTitle "Mega2024 Update 01"]
[Source "Chessbase"]
[SourceDate "2023.11.12"]
[SourceVersion "1"]
[SourceVersionDate "2023.11.12"]
[SourceQuality "1"]

1. e4 c5 2. Nf3 Nc6 3. d4 cxd4 4. Nxd4 e5 5. Nb3 Nf6 6. f3 d5 7. exd5 Nxd5 8. c4 Bb4+ 9. Bd2 Ne3 10. Qc1 Bxd2+ 11. Qxd2 Nd4 12. Nxd4 exd4 13. Bd3 0-0 14. g3 Re8 15. Kf2 Qf6 16. Na3 Bh3 17. f4 g5 18. Qa5 gxf4 19. Qh5 fxg3+ 20. Kxg3 Nf5+ 21. Bxf5 Bxf5 22. Raf1 Re3+ 23. Rf3 Rxf3+ 24. Qxf3 Qg5+ 25. Kf2 Qd2+ 26. Qe2 Qxe2+ 27. Kxe2 Re8+ 28. Kd2 d3 29. Re1 Re6 30. Nb5 Rh6 31. Rh1 a6 32. Nc3 Rg6 33. b3 Rg2+ 34. Kd1 Kg7 35. Nd5 Bg4+ 0-1

[Event "Medellin de La Raza U2000 op"]
[Site "Medellin"]
[Date "2023.10.13"]
[Round "2"]
[White "Ramirez, Francisco Javier"]
[Black "Luna Velandia, Karol Daniela"]
[Result "0-1"]
[WhiteElo "1815"]
[BlackElo "1532"]
[PlyCount "54"]
[EventDate "2023.10.12"]
[EventType "swiss"]
[EventRounds "9"]
[EventCountry "COL"]
[SourceTitle "Mega2024 Update 01"]
[Source "Chessbase"]
[SourceDate "2023.11.12"]
[SourceVersion "1"]
[SourceVersionDate "2023.11.12"]
[SourceQuality "1"]

1. e4 e6 2. d4 d5 3. e5 c5 4. c3 Nc6 5. Nf3 Qb6 6. Qb3 Qc7 7. Be3 cxd4 8. cxd4 Nge7 9. Bd3 Nf5 10. Bxf5 exf5 11. Nc3 Be6 12. 0-0 Be7 13. Rfc1 Qd7 14. a3 h6 15. h4 g5 16. hxg5 hxg5 17. Qa4 f4 18. Bd2 Bh3 19. e6 Qxe6 20. Re1 Qg4 21. Rxe7+ Kf8 22. Rxf7+ Kxf7 23. Nxg5+ Qxg5 24. g3 Qh5 25. Qb5 Bg2 26. Qxb7+ Ne7 27. Kxg2 f3+ 0-1

[Event "Medellin de La Raza U2000 op"]
[Site "Medellin"]
[Date "2023.10.12"]
[Round "1"]
[White "Luna Velandia, Karol Daniela"]
[Black "Cachihuango Giraldo, Julieta"]
[Result "1-0"]
[WhiteElo "1532"]
[BlackElo "1364"]
[PlyCount "33"]
[EventDate "2023.10.12"]
[EventType "swiss"]
[EventRounds "9"]
[EventCountry "COL"]
[SourceTitle "Mega2024 Update 01"]
[Source "Chessbase"]
[SourceDate "2023.11.12"]
[SourceVersion "1"]
[SourceVersionDate "2023.11.12"]
[SourceQuality "1"]

1. e4 e5 2. Nf3 Nc6 3. Bc4 Bc5 4. c3 Nf6 5. d4 exd4 6. 0-0 dxc3 7. e5 cxb2 8. Bxb2 Ng4 9. Qd5 Qe7 10. Nc3 Ngxe5 11. Nxe5 Nxe5 12. Rae1 d6 13. Bb3 0-0 14. Kh1 Qh4 15. Re4 Ng4 16. Qxf7+ Rxf7 17. Re8# 1-0

[Event "Pereira Fiestas de la Cosecha op"]
[Site "Pereira"]
[Date "2023.08.26"]
[Round "4"]
[White "Bravo, Juan Eduardo"]
[Black "Luna Velandia, Karol Daniela"]
[Result "1/2-1/2"]
[WhiteElo "1709"]
[BlackElo "1304"]
[PlyCount "67"]
[EventDate "2023.08.24"]
[EventType "swiss"]
[EventRounds "7"]
[EventCountry "COL"]
[SourceTitle "EXT 2024"]
[Source "ChessBase"]
[SourceDate "2023.10.10"]
[SourceVersion "1"]
[SourceVersionDate "2023.10.10"]
[SourceQuality "1"]

1. e4 e6 2. d3 d5 3. Nd2 Ne7 4. Ngf3 g6 5. g3 Bg7 6. Bg2 b6 7. 0-0 Bb7 8. Re1 c5 9. c3 0-0 10. Qc2 Qc7 11. a4 Nbc6 12. Nf1 h6 13. h4 dxe4 14. dxe4 Rad8 15. Bf4 Qc8 16. Rad1 Kh7 17. N1h2 Ng8 18. e5 Qc7 19. Ng4 Nce7 20. Nf6+ Kh8 21. h5 Qc8 22. Ne4 Bxe4 23. Qxe4 Qc6 24. Qc2 Qc8 25. g4 gxh5 26. gxh5 Nf5 27. Nh2 Rd7 28. Be4 Rfd8 29. Rxd7 Qxd7 30. Ng4 a6 31. Nh2 Nh4 32. Ng4 Nf5 33. Nh2 Nh4 34. Ng4 1/2-1/2

[Event "Pereira Fiestas de la Cosecha op"]
[Site "Pereira"]
[Date "2023.08.26"]
[Round "5"]
[White "Luna Velandia, Karol Daniela"]
[Black "Sanchez, Carlos Andres"]
[Result "0-1"]
[WhiteElo "1304"]
[BlackElo "1594"]
[PlyCount "60"]
[EventDate "2023.08.24"]
[EventType "swiss"]
[EventRounds "7"]
[EventCountry "COL"]
[SourceTitle "EXT 2024"]
[Source "ChessBase"]
[SourceDate "2023.10.10"]
[SourceVersion "1"]
[SourceVersionDate "2023.10.10"]
[SourceQuality "1"]

1. e4 c5 2. Nf3 Nc6 3. c4 g6 4. d4 cxd4 5. Nxd4 Bg7 6. Be3 d6 7. Nc3 Nxd4 8. Bxd4 Nf6 9. Be2 Bd7 10. 0-0 0-0 11. f3 Bc6 12. Qd2 Qa5 13. a3 Nd7 14. Bxg7 Kxg7 15. b4 Qb6+ 16. Kh1 Nf6 17. Rad1 Rac8 18. Rc1 Rfd8 19. Rc2 a5 20. b5 Bd7 21. Rfc1 Be6 22. Na4 Qc7 23. Qd4 Kg8 24. Nb6 Qc5 25. Qxc5 Rxc5 26. f4 Nd7 27. Nxd7 Bxd7 28. Kg1 Rdc8 29. Kf2 Bxb5 30. Ke3 Bd7 0-1

[Event "Pereira Fiestas de la Cosecha op"]
[Site "Pereira"]
[Date "2023.08.25"]
[Round "2"]
[White "Sierra Amariles, Juan Mauricio"]
[Black "Luna Velandia, Karol Daniela"]
[Result "1-0"]
[WhiteElo "1886"]
[BlackElo "1304"]
[PlyCount "52"]
[EventDate "2023.08.24"]
[EventType "swiss"]
[EventRounds "7"]
[EventCountry "COL"]
[SourceTitle "EXT 2024"]
[Source "ChessBase"]
[SourceDate "2023.10.10"]
[SourceVersion "1"]
[SourceVersionDate "2023.10.10"]
[SourceQuality "1"]

1. d4 Nf6 2. Nf3 g6 3. c4 Bg7 4. Nc3 0-0 5. e4 d6 6. Bg5 Nfd7 7. Qd2 Nc6 8. Bh6 a6 9. Bxg7 Kxg7 10. h4 h6 11. h5 g5 12. Nxg5 Nxd4 13. Nxf7 Rxf7 14. Qxd4+ e5 15. Qe3 Nc5 16. 0-0-0 Be6 17. Be2 Qe7 18. g4 Rg8 19. Rdg1 Kh7 20. Nd5 Bxd5 21. exd5 Rg5 22. b4 Na4 23. Bd3+ Kh8 24. Bf5 Qf6 25. Qb3 b5 26. Re1 c5 1-0

[Event "Medellin Flores op 30th"]
[Site "Medellin"]
[Date "2023.08.05"]
[Round "5"]
[White "Luna Velandia, Karol Daniela"]
[Black "Gallego Carvajal, Miguel Angel"]
[Result "1-0"]
[WhiteElo "1304"]
[BlackElo "1696"]
[PlyCount "47"]
[EventDate "2023.08.03"]
[EventType "swiss"]
[EventRounds "9"]
[EventCountry "COL"]
[SourceTitle "EXT 2024"]
[Source "ChessBase"]
[SourceDate "2023.10.10"]
[SourceVersion "1"]
[SourceVersionDate "2023.10.10"]
[SourceQuality "1"]

1. e4 e6 2. Nf3 d5 3. Nc3 c5 4. e5 a6 5. Be2 Nc6 6. d3 Qc7 7. Bf4 Nge7 8. Bf1 Ng6 9. Bg3 Ngxe5 10. Nxe5 Nxe5 11. Qe2 Bd6 12. f4 Ng6 13. Nxd5 Qa5+ 14. Nc3 Bxf4 15. Bxf4 Nxf4 16. Qe5 Qb4 17. Qxg7 Ng6 18. 0-0-0 Qf4+ 19. Kb1 Bd7 20. Be2 Qe5 21. Qh6 0-0-0 22. Bf3 Qf4 23. Qh5 f5 24. g3 1-0

[Event "Rivera Huila Hernandez Memorial-B"]
[Site "Rivera Huila"]
[Date "2023.07.21"]
[Round "3"]
[White "Dabraccio, Guillermo"]
[Black "Luna Velandia, Karol Daniela"]
[Result "1-0"]
[WhiteElo "1583"]
[BlackElo "1199"]
[PlyCount "67"]
[EventDate "2023.07.20"]
[EventType "swiss"]
[EventRounds "7"]
[EventCountry "COL"]
[SourceTitle "CBM 215 Extra"]
[Source "ChessBase"]
[SourceDate "2023.09.30"]
[SourceVersion "1"]
[SourceVersionDate "2023.09.30"]
[SourceQuality "1"]

1. d4 Nf6 2. Nc3 g6 3. e4 d6 4. Bg5 Bg7 5. e5 dxe5 6. dxe5 Nfd7 7. e6 fxe6 8. h4 c6 9. h5 Qc7 10. Qd2 Qe5+ 11. Be2 h6 12. Bf4 Qf6 13. hxg6 e5 14. Be3 Qd6 15. 0-0-0 Qxd2+ 16. Rxd2 Nf6 17. Bc4 Nbd7 18. Bf7+ Kd8 19. Nf3 Kc7 20. Nh4 Nb6 21. Rhd1 e6 22. b3 Nbd5 23. Nxd5+ exd5 24. f3 b5 25. g4 Bd7 26. Nf5 Bxf5 27. gxf5 Nh5 28. Bc5 Ng3 29. Be6 h5 30. Be7 Rae8 31. Bh4 Bh6 32. Bxg3 Bxd2+ 33. Rxd2 Re7 34. Bxe5+ 1-0

[Event "COL-ch (Women)"]
[Site "Cartagena"]
[Date "2023.06.10"]
[Round "6"]
[White "Luna Velandia, Karol Daniela"]
[Black "Luna Monsalve, Sofia"]
[Result "0-1"]
[WhiteElo "1184"]
[BlackElo "1441"]
[PlyCount "60"]
[EventDate "2023.06.08"]
[EventType "swiss"]
[EventRounds "9"]
[EventCountry "COL"]
[SourceTitle "CBM 215 Extra"]
[Source "ChessBase"]
[SourceDate "2023.09.30"]
[SourceVersion "1"]
[SourceVersionDate "2023.09.30"]
[SourceQuality "1"]

1. e4 e5 2. Nf3 Nc6 3. Bc4 Bc5 4. c3 Nf6 5. d3 d6 6. b4 Bb6 7. Nbd2 a5 8. b5 Ne7 9. a4 0-0 10. Qb3 h6 11. Nf1 Ng6 12. Be3 Bxe3 13. fxe3 c6 14. h3 d5 15. exd5 cxd5 16. b6 dxc4 17. dxc4 Be6 18. N1d2 Qd3 19. Kf2 e4 20. Rhe1 exf3 21. Nxf3 Bxc4 22. Qb2 Ne4+ 23. Kg1 Nxc3 24. Ra3 Ne2+ 25. Kf2 Qd6 26. Rxe2 Bxe2 27. Kxe2 Rfe8 28. Kf2 Rac8 29. Ra1 Qb4 30. Qa2 Qxb6 0-1

[Event "COL-ch U18 Girls"]
[Site "Bogota"]
[Date "2023.05.13"]
[Round "4"]
[White "Luna Velandia, Karol Daniela"]
[Black "Varela Acosta, Valeria"]
[Result "1-0"]
[WhiteElo "1198"]
[BlackElo "1347"]
[PlyCount "61"]
[EventDate "2023.05.11"]
[EventType "swiss"]
[EventRounds "7"]
[EventCountry "COL"]
[SourceTitle "CBM 214 Extra"]
[Source "ChessBase"]
[SourceDate "2023.07.31"]
[SourceVersion "1"]
[SourceVersionDate "2023.07.31"]
[SourceQuality "1"]

1. e4 e5 2. Nf3 Nc6 3. Bc4 Bc5 4. c3 Nf6 5. d3 d6 6. b4 Bb6 7. a4 a6 8. h3 Be6 9. Qb3 Qd7 10. Nbd2 0-0-0 11. a5 Ba7 12. Bd5 Bxd5 13. exd5 Ne7 14. c4 b5 15. axb6 Bxb6 16. Rxa6 Kb7 17. b5 Qf5 18. Ra2 Ng6 19. Ne4 Nxe4 20. dxe4 Qxe4+ 21. Re2 Qf5 22. g4 Qf6 23. Bg5 Qxg5 24. Nxg5 Rdf8 25. Ra2 f6 26. Ne6 Rfg8 27. c5 dxc5 28. Nxc5+ Bxc5 29. Qc4 Bb6 30. Qc6+ Kb8 31. Ra8# 1-0

[Event "COL-ch U18 Girls"]
[Site "Bogota"]
[Date "2023.05.12"]
[Round "3"]
[White "Tipiani Martinez, Paula Sofia"]
[Black "Luna Velandia, Karol Daniela"]
[Result "1-0"]
[WhiteElo "1369"]
[BlackElo "1198"]
[PlyCount "159"]
[EventDate "2023.05.11"]
[EventType "swiss"]
[EventRounds "7"]
[EventCountry "COL"]
[SourceTitle "CBM 214 Extra"]
[Source "ChessBase"]
[SourceDate "2023.07.31"]
[SourceVersion "1"]
[SourceVersionDate "2023.07.31"]
[SourceQuality "1"]

1. e4 e6 2. d4 d5 3. Nd2 dxe4 4. Nxe4 Nf6 5. Nxf6+ Qxf6 6. Nf3 h6 7. Bc4 Bd6 8. Be3 Nd7 9. Qe2 0-0 10. 0-0-0 c6 11. g4 Qe7 12. h4 Nb6 13. Bb3 Nd5 14. h5 Nxe3 15. Qxe3 Qc7 16. Ne5 c5 17. f4 c4 18. Ba4 Bxe5 19. fxe5 f6 20. exf6 Rxf6 21. Rhf1 Rxf1 22. Rxf1 Qa5 23. Qa3 Qg5+ 24. Kb1 b5 25. Qf8+ Kh7 26. Qf3 Rb8 27. Qe4+ Kg8 28. Qc6 Qd8 29. Bxb5 Rb6 30. Qe8+ Qxe8 31. Bxe8 c3 32. b3 Rd6 33. Bf7+ Kh7 34. Bg6+ Kg8 35. a4 Rxd4 36. Rf7 Rd1+ 37. Ka2 Rd7 38. Rf3 Rc7 39. Rf4 Rc6 40. Rd4 Kf8 41. Rd8+ Ke7 42. Re8+ Kf6 43. Rf8+ Kg5 44. Rf7 Kxg4 45. Rxg7 Kf4 46. Rxa7 e5 47. Rf7+ Kg5 48. Re7 Kf4 49. Ka3 Be6 50. Bf7 Bf5 51. Bd5 Rd6 52. Bc4 Bxc2 53. Kb4 e4 54. Kxc3 Bd1 55. Rf7+ Kg3 56. Rg7+ Kf2 57. Rg6 Rd8 58. Rxh6 e3 59. Rf6+ Bf3 60. h6 Rc8 61. Kd4 Rd8+ 62. Kc5 e2 63. Bxe2 Kxe2 64. a5 Ke3 65. b4 Rc8+ 66. Kb5 Rb8+ 67. Rb6 Re8 68. Rd6 Rb8+ 69. Rb6 Re8 70. a6 Re5+ 71. Ka4 Bd1+ 72. Ka3 Re8 73. b5 Ra8 74. Rb7 Be2 75. Kb4 Kd4 76. Rd7+ Ke3 77. a7 Bg4 78. Re7+ Kd4 79. b6 Bf3 80. Rd7+ 1-0

[Event "COL-chT (Women)"]
[Site "Bucaramanga"]
[Date "2022.09.09"]
[Round "5.2"]
[White "Rativa Jimenez, Laura Milena"]
[Black "Luna Velandia, Karol Daniela"]
[Result "1-0"]
[WhiteElo "1716"]
[BlackElo "1175"]
[PlyCount "35"]
[EventDate "2022.09.06"]
[EventType "team-swiss"]
[EventRounds "6"]
[EventCountry "COL"]
[SourceTitle "CBM 210 Extra"]
[Source "ChessBase"]
[SourceDate "2022.11.30"]
[SourceVersion "1"]
[SourceVersionDate "2022.11.30"]
[SourceQuality "1"]
[WhiteTeam "Boyaca (W)"]
[BlackTeam "Cundinamarca (W) II"]
[WhiteTeamCountry "COL"]
[BlackTeamCountry "COL"]

1. d4 d5 2. Nf3 Nf6 3. c4 e6 4. g3 b6 5. Bg2 Bb7 6. cxd5 Bxd5 7. Nc3 Bb7 8. 0-0 Be7 9. Re1 0-0 10. e4 Bb4 11. Nh4 c5 12. e5 Nd5 13. Qg4 Qe7 14. Bh6 f6 15. Bxd5 Bxd5 16. Nxd5 exd5 17. Nf5 Qf7 18. e6 1-0

[Event "COL-chT (Women)"]
[Site "Bucaramanga"]
[Date "2022.09.07"]
[Round "2.3"]
[White "Luna Velandia, Karol Daniela"]
[Black "Rosado Perez, Maria Jose"]
[Result "0-1"]
[WhiteElo "1175"]
[BlackElo "1809"]
[PlyCount "46"]
[EventDate "2022.09.06"]
[EventType "team-swiss"]
[EventRounds "6"]
[EventCountry "COL"]
[SourceTitle "CBM 210 Extra"]
[Source "ChessBase"]
[SourceDate "2022.11.30"]
[SourceVersion "1"]
[SourceVersionDate "2022.11.30"]
[SourceQuality "1"]
[WhiteTeam "Cundinamarca (W) II"]
[BlackTeam "Bolivar (W)"]
[WhiteTeamCountry "COL"]
[BlackTeamCountry "COL"]

1. e4 c5 2. Nf3 a6 3. d4 cxd4 4. Nxd4 Nf6 5. Bd3 e5 6. Ne2 d5 7. Ng3 Bc5 8. h3 dxe4 9. Be2 0-0 10. 0-0 b5 11. c4 bxc4 12. Bxc4 Bb7 13. Nc3 Qc7 14. Qe2 Qc6 15. Re1 Rd8 16. a3 Rd4 17. Be3 Rd8 18. Bxc5 Qxc5 19. Ncxe4 Nxe4 20. Nxe4 Qc6 21. Rac1 Qg6 22. Ng3 Nc6 23. Bd3 Qxd3 0-1

[Event "Sopo Region-ch (Women)"]
[Site "Sopo"]
[Date "2021.07.24"]
[Round "1"]
[White "Luna Velandia, Karol Daniela"]
[Black "Castillo Anzola, Sara Sofia"]
[Result "1-0"]
[WhiteElo "1197"]
[BlackElo "1202"]
[PlyCount "65"]
[EventDate "2021.07.24"]
[EventType "swiss"]
[EventRounds "5"]
[EventCountry "COL"]
[SourceTitle "EXT 2022"]
[Source "ChessBase"]
[SourceDate "2021.10.06"]
[SourceVersion "1"]
[SourceVersionDate "2021.10.06"]
[SourceQuality "1"]

1. e4 e5 2. Nf3 Nc6 3. Bc4 Bc5 4. c3 Nf6 5. d3 h6 6. Nbd2 d6 7. Nf1 0-0 8. Ng3 d5 9. exd5 Nxd5 10. 0-0 Be6 11. Bb3 Qd7 12. Re1 f6 13. h3 Rae8 14. Bd2 Nf4 15. Bxf4 Bxb3 16. Qxb3+ Rf7 17. Be3 Bd6 18. Ne4 Bf8 19. Rad1 b6 20. Ng3 Na5 21. Qc2 f5 22. Bc1 Bd6 23. Re2 Re6 24. Rde1 Rfe7 25. Nxf5 Rf7 26. Nxd6 Rxd6 27. Nxe5 Qf5 28. Nxf7 Qxf7 29. Re8+ Kh7 30. d4+ Rg6 31. R8e7 Qf8 32. R1e6 Kh8 33. Re8 1-0

[Event "Pan American-ch School U15 Girls"]
[Site "Medellin"]
[Date "2019.11.17"]
[Round "9"]
[White "Luna Velandia, Karol Daniela"]
[Black "Alvarez, Claudia"]
[Result "0-1"]
[WhiteElo "1234"]
[BlackElo "1403"]
[PlyCount "112"]
[EventDate "2019.11.12"]
[EventType "swiss"]
[EventRounds "9"]
[EventCountry "COL"]
[SourceTitle "CBM 193 Extra"]
[Source "ChessBase"]
[SourceDate "2020.01.31"]
[SourceVersion "1"]
[SourceVersionDate "2020.01.31"]
[SourceQuality "1"]

1. e4 e5 2. Nf3 Nc6 3. Bc4 Nf6 4. d3 Bc5 5. c3 h6 6. Nbd2 d6 7. 0-0 a6 8. Re1 Na5 9. Bxf7+ Kxf7 10. b4 Bxb4 11. cxb4 Nc6 12. Bb2 Be6 13. a3 Re8 14. d4 exd4 15. Nxd4 Nxd4 16. Bxd4 Kg8 17. Qc2 b6 18. e5 Ng4 19. Nf3 c5 20. Bb2 Qc7 21. exd6 Qxd6 22. Rad1 Qc7 23. h3 Nf6 24. Be5 Qb7 25. Bxf6 gxf6 26. Qg6+ Qg7 27. Qxg7+ Kxg7 28. Rd6 Kf7 29. Rxb6 c4 30. Rb7+ Kg8 31. Nd4 Bd5 32. Ree7 Rxe7 33. Rxe7 Rc8 34. f3 c3 35. Nc2 Bb3 36. Nd4 Ba4 37. Ne2 c2 38. Nc1 Rd8 39. Re1 Rd1 40. Kf2 Kf7 41. f4 f5 42. g3 h5 43. Ke2 Ke6 44. Kf2+ Rxe1 45. Kxe1 Kd5 46. Kd2 Ke4 47. Ke2 Bb5+ 48. Kf2 Kd4 49. g4 fxg4 50. hxg4 hxg4 51. Kg3 Kc3 52. f5 Kd2 53. Nb3+ Kd1 54. f6 Bc4 55. Kf2 Bxb3 56. f7 Bxf7 0-1

[Event "Pan American-ch School U15 Girls"]
[Site "Medellin"]
[Date "2019.11.12"]
[Round "1"]
[White "Luna Velandia, Karol Daniela"]
[Black "Heredero Gascon, Elizabeth"]
[Result "0-1"]
[WhiteElo "1234"]
[BlackElo "1762"]
[PlyCount "110"]
[EventDate "2019.11.12"]
[EventType "swiss"]
[EventRounds "9"]
[EventCountry "COL"]
[SourceTitle "CBM 193 Extra"]
[Source "ChessBase"]
[SourceDate "2020.01.31"]
[SourceVersion "1"]
[SourceVersionDate "2020.01.31"]
[SourceQuality "1"]

1. e4 d5 2. e5 Bf5 3. d4 e6 4. Nc3 c5 5. Bb5+ Nc6 6. Nge2 Qb6 7. Be3 a6 8. Ba4 Qa5 9. Bxc6+ bxc6 10. 0-0 Bg6 11. f4 cxd4 12. Bxd4 h5 13. a3 Be7 14. b4 Qc7 15. Na4 Nh6 16. Rc1 Nf5 17. Bf2 Qb7 18. Nc5 Qc8 19. c4 0-0 20. cxd5 cxd5 21. Nd4 Nxd4 22. Qxd4 Bxc5 23. Qxc5 Qd7 24. Qc7 Qa4 25. Qa5 Qxa5 26. bxa5 Rfc8 27. Rc5 Rxc5 28. Bxc5 Rc8 29. Rc1 Bd3 30. Be3 Rxc1+ 31. Bxc1 f6 32. Bb2 Kf7 33. Kf2 Kg6 34. Ke3 Be4 35. g3 Kf5 36. Kf2 fxe5 37. Bxe5 g5 38. Ke3 gxf4+ 39. gxf4 Kg4 40. Kf2 Kh3 41. Kg1 Bf5 42. Bd4 Kg4 43. Be5 Kf3 44. Kf1 Ke3 45. Kg1 d4 46. Kf1 d3 47. Ke1 d2+ 48. Kd1 Bg4+ 49. Kc2 d1Q+ 50. Kc3 Qd2+ 51. Kc4 Be2+ 52. Kc5 Qxa5+ 53. Kd6 Qxa3+ 54. Kxe6 Bc4+ 55. Kf6 Qf8+ 0-1

[Event "COL-ch Superate Intercol U14 Girls"]
[Site "Barranquilla"]
[Date "2018.11.21"]
[Round "6.4"]
[White "Sanchez Riobo, Emily Dainne"]
[Black "Luna Velandia, Karol Daniela"]
[Result "1-0"]
[WhiteElo "1416"]
[BlackElo "1179"]
[PlyCount "79"]
[EventDate "2018.11.19"]
[EventType "swiss"]
[EventRounds "7"]
[EventCountry "COL"]
[SourceTitle "EXT 2024"]
[Source "ChessBase"]
[SourceDate "2023.10.10"]
[SourceVersion "1"]
[SourceVersionDate "2023.10.10"]
[SourceQuality "1"]

1. d4 Nf6 2. Nf3 g6 3. g3 Bg7 4. Bg2 0-0 5. 0-0 d6 6. c4 Nbd7 7. Nc3 e5 8. e3 Ne8 9. b3 f5 10. Bb2 e4 11. Nd2 Nb6 12. f3 exf3 13. Nxf3 Nf6 14. Re1 Re8 15. Qc2 Kf8 16. Re2 Bh6 17. Rae1 c6 18. e4 fxe4 19. Nxe4 Bf5 20. Nfd2 d5 21. cxd5 cxd5 22. Qc5+ Kg7 23. Nxf6 Rxe2 24. Rxe2 Kxf6 25. Nf1 Rc8 26. Qb4 Rc2 27. Rxc2 Bxc2 28. Qe1 Qe7 29. Qf2+ Bf5 30. g4 Qg7 31. gxf5 gxf5 32. Ng3 Qg5 33. Qe2 Kg6 34. Qe6+ Kg7 35. Nxf5+ Kh8 36. Qe8+ Qg8 37. Qxg8+ Kxg8 38. Nxh6+ Kg7 39. Nf5+ Kf6 40. Ne3 1-0

[Event "COL-ch Superate Intercol U14 Girls"]
[Site "Barranquilla"]
[Date "2018.11.19"]
[Round "2.3"]
[White "Luna Velandia, Karol Daniela"]
[Black "Manzano Gomez, Valentina"]
[Result "0-1"]
[WhiteElo "1179"]
[BlackElo "1618"]
[PlyCount "46"]
[EventDate "2018.11.19"]
[EventType "swiss"]
[EventRounds "7"]
[EventCountry "COL"]
[SourceTitle "EXT 2024"]
[Source "ChessBase"]
[SourceDate "2023.10.10"]
[SourceVersion "1"]
[SourceVersionDate "2023.10.10"]
[SourceQuality "1"]

1. e4 c5 2. Nf3 Nc6 3. d4 cxd4 4. Nxd4 Nf6 5. Nc3 d6 6. f3 e5 7. Nb3 Be6 8. Be3 Be7 9. Qd2 0-0 10. 0-0-0 a5 11. Kb1 a4 12. Nc1 a3 13. Nb3 axb2 14. Kxb2 Nb4 15. a3 Nc6 16. Nd5 Bxd5 17. exd5 Na5 18. g4 Qc7 19. Qf2 Rfc8 20. Bg5 Qc3+ 21. Ka2 Nxb3 22. cxb3 Rxa3+ 23. Kb1 Ra1# 0-1

[Event "Zipaquira Martires U14 op"]
[Site "Zipaquira"]
[Date "2018.09.08"]
[Round "3.3"]
[White "Velasquez, Joan Sebastian"]
[Black "Luna Velandia, Karol Daniela"]
[Result "1/2-1/2"]
[WhiteElo "1464"]
[BlackElo "1179"]
[PlyCount "93"]
[EventDate "2018.09.07"]
[EventType "swiss"]
[EventRounds "5"]
[EventCountry "COL"]
[SourceTitle "EXT 2024"]
[Source "ChessBase"]
[SourceDate "2023.10.10"]
[SourceVersion "1"]
[SourceVersionDate "2023.10.10"]
[SourceQuality "1"]

1. e4 e5 2. Nf3 Nc6 3. Nc3 Nf6 4. Bc4 Bc5 5. 0-0 0-0 6. d3 h6 7. h3 d6 8. Re1 Be6 9. Bb3 a6 10. Be3 Nd4 11. Bxd4 exd4 12. Ne2 Bxb3 13. cxb3 Bb4 14. Rf1 c5 15. a3 Ba5 16. Rc1 Rc8 17. b4 Bb6 18. bxc5 dxc5 19. b3 Re8 20. b4 Rc7 21. bxc5 Rxc5 22. Rxc5 Bxc5 23. Qb3 b6 24. Rc1 g5 25. a4 Nh5 26. a5 Nf4 27. Nxf4 gxf4 28. axb6 Qxb6 29. Qxb6 Bxb6 30. Rc6 Re6 31. Rc4 Rd6 32. Nh4 h5 33. Nf5 Rd7 34. Rc6 Rb7 35. Rd6 Bc5 36. Rxa6 Rb3 37. Ra8+ Kh7 38. Kf1 Rxd3 39. Ke2 Rb3 40. Rd8 Rb2+ 41. Kf1 Rb1+ 42. Ke2 Rb2+ 43. Kf1 Rb1+ 44. Ke2 Rb2+ 45. Kf1 Rb1+ 46. Ke2 Rb2+ 47. Kf1 1/2-1/2

[Event "Bogota AlphaZero op"]
[Site "Bogota"]
[Date "2018.08.20"]
[Round "7"]
[White "Galeano Tinjaca, Hector Henry"]
[Black "Luna Velandia, Karol Daniela"]
[Result "1-0"]
[WhiteElo "1532"]
[BlackElo "1179"]
[PlyCount "37"]
[EventDate "2018.08.17"]
[EventType "swiss"]
[EventRounds "7"]
[EventCountry "COL"]
[SourceTitle "CBM 186 Extra"]
[Source "ChessBase"]
[SourceDate "2018.08.24"]
[SourceVersion "1"]
[SourceVersionDate "2018.08.24"]
[SourceQuality "1"]

1. d4 d6 2. Nf3 g6 3. g3 Bg7 4. e3 Nd7 5. Bg2 Ngf6 6. 0-0 0-0 7. Nc3 c5 8. d5 a6 9. e4 Ng4 10. Ng5 Nde5 11. b3 h6 12. Nh3 b5 13. f4 Nc4 14. bxc4 Bxc3 15. Rb1 Bd4+ 16. Kh1 bxc4 17. f5 Kg7 18. Qd2 Rh8 19. fxg6 1-0

[Event "COL-ch sf3 U16"]
[Site "Choconta"]
[Date "2018.04.08"]
[Round "6.9"]
[White "Mogollon Tovar, Diana Alejandra"]
[Black "Luna Velandia, Karol Daniela"]
[Result "0-1"]
[WhiteElo "1347"]
[BlackElo "1130"]
[PlyCount "73"]
[EventDate "2018.04.05"]
[EventType "swiss"]
[EventRounds "6"]
[EventCountry "COL"]
[SourceTitle "EXT 2024"]
[Source "ChessBase"]
[SourceDate "2023.10.10"]
[SourceVersion "1"]
[SourceVersionDate "2023.10.10"]
[SourceQuality "1"]

1. e4 e5 2. Nf3 Nc6 3. d4 exd4 4. Nxd4 Nxd4 5. Qxd4 Nf6 6. Nc3 g6 7. Be3 Bg7 8. Bc4 0-0 9. Qd2 Re8 10. f3 d6 11. 0-0-0 Be6 12. Bd5 c6 13. Bxe6 Rxe6 14. Kb1 Qd7 15. Bf4 Rd8 16. Rhe1 Nh5 17. Bh6 Nf6 18. Bf4 c5 19. Re3 c4 20. Bg5 b5 21. Nd5 Nxd5 22. Qxd5 f6 23. Bf4 Bf8 24. h4 a6 25. g4 h6 26. Bh2 Qf7 27. f4 Ree8 28. Qxf7+ Kxf7 29. Rd5 Rd7 30. e5 fxe5 31. fxe5 Kg7 32. e6 Rde7 33. Bxd6 Rxe6 34. Rxe6 Rxe6 35. Bxf8+ Kxf8 36. a3 Re1+ 37. Ka2 0-1

[Event "COL-ch sf3 U16"]
[Site "Choconta"]
[Date "2018.04.07"]
[Round "4.10"]
[White "Bautista Romero, Stiven Alejandro"]
[Black "Luna Velandia, Karol Daniela"]
[Result "1/2-1/2"]
[WhiteElo "1403"]
[BlackElo "1130"]
[PlyCount "69"]
[EventDate "2018.04.05"]
[EventType "swiss"]
[EventRounds "6"]
[EventCountry "COL"]
[SourceTitle "EXT 2024"]
[Source "ChessBase"]
[SourceDate "2023.10.10"]
[SourceVersion "1"]
[SourceVersionDate "2023.10.10"]
[SourceQuality "1"]

1. e4 d6 2. Nf3 g6 3. Bc4 Bg7 4. Nc3 Nf6 5. d3 Nbd7 6. Bg5 b6 7. Bb5 0-0 8. Bc6 Rb8 9. 0-0 Bb7 10. Bxb7 Rxb7 11. h3 c6 12. Qd2 e5 13. Ne2 Qc7 14. Ng3 d5 15. Bh6 d4 16. Qg5 Bxh6 17. Qxh6 Re8 18. Qd2 c5 19. Rab1 Rbb8 20. Rfc1 Qd6 21. Ne2 Rec8 22. c3 a5 23. a4 b5 24. b3 b4 25. cxd4 cxd4 26. Qg5 Qe6 27. Nd2 Nc5 28. Qg3 Nh5 29. Qg4 Nxd3 30. Qxe6 fxe6 31. Rxc8+ Rxc8 32. Nc4 Nc5 33. Nxe5 Nxe4 34. Nxd4 Rc5 35. Nef3 1/2-1/2